[Event "Nalchik FIDE GP"]
[Site "Nalchik"]
[Date "2009.04.15"]
[Round "1"]
[White "Leko, Peter"]
[Black "Kamsky, Gata"]
[Result "1/2-1/2"]
[WhiteElo "2751"]
[BlackElo "2720"]
[Annotator "ChessBase"]
[PlyCount "242"]
[EventDate "2009.04.15"]
[EventType "tourn"]
[EventRounds "13"]
[EventCountry "RUS"]
[EventCategory "19"]
[SourceTitle "CBM 130"]
[Source "ChessBase"]
[SourceDate "2009.05.20"]
[SourceVersion "1"]
[SourceVersionDate "2009.05.20"]
[SourceQuality "1"]

1. Nf3 Nf6 2. c4 g6 3. Nc3 d5 4. Qa4+ Bd7 5. Qb3 dxc4 6. Qxc4 Bg7 {'Stohl
considers this natural development of the bishop to be inaccurate.' Stohl hält
die natürliche Läuferentwicklung für ungenau.} ({Actually, Tatsächlich ist} 
6... a6 {'has clearly been the preferred move among the top players of late.'
in neuerer Zeit eindeutig der beliebtere Zug unter den Spitzenspielern.}) 7. e4
$1 ({Not Nicht} 7. d4 O-O 8. e4 b5 $1 $11) 7... O-O 8. e5 Ng4 9. d4 Na6 ({
The most frequently played move is Meistens wird} 9... Be6 {', because then
"Weiß has the pleasant choice between the enterprising, but very complex, 10.
d5 and the risk-free and comfortable 10.Qb5!?" (Stohl).' gespielt; dann "hat
Weiß die angenehme Wahl zwischen dem unternehmungslustigen, aber recht
komplexen 10.d5 sowie dem risikolosen und bequemen 10.Qb5!?" (Stohl).}) 10. h3
Nh6 11. Be2 c6 12. O-O Be6 (12... Nc7 13. Qb3 b6 14. Rd1 Kh8 15. Bf4 Be6 16.
Qa4 Nd5 17. Bd2 b5 18. Qc2 Nxc3 19. bxc3 Bd5 20. a4 a6 21. Qc1 Ng8 22. Ra3 e6
23. Bg5 Qc7 24. c4 bxc4 25. Bxc4 Qd7 26. Be2 Rfc8 27. h4 Bf8 28. Rc3 Bb4 29.
Rcd3 Kg7 30. h5 h6 31. Bf6+ Kf8 32. hxg6 fxg6 33. Nh4 Qf7 34. Rg3 g5 35. Qb1
Nxf6 36. Qxb4+ c5 37. dxc5 Rab8 38. Qd4 Nd7 39. Rc1 Ke7 40. Bxa6 {1-0
Chuchelov,V (2539)-Gormally,D (2492)/Cappelle la Grande 2001/CBM 080 ext}) 13.
Qa4 Nc7 14. Rd1 f6 15. Bc4 Bxc4 16. Qxc4+ Nf7 17. d5 $1 ({The engine's
suggestion of Der Engine-Vorschlag} 17. Qb3 {'is also good, because it is not
so easy to protect b7 (17...Rb8 18.Bf4!)' ist auch gut, weil b7 nicht so
einfach zu decken ist (17...Rb8 18.Bf4!)}) 17... cxd5 18. Nxd5 Nxd5 19. Rxd5
Qe8 20. exf6 Bxf6 21. Be3 {'White's advantage is already very clear.' Der
weiße Vorteil ist bereits recht deutlich.} b6 22. Rad1 Rc8 23. Qb3 Qc6 24. Rd7
Rc7 25. Rxc7 Qxc7 26. Ng5 Bxg5 27. Bxg5 Rd8 28. Re1 Rd7 29. Qe6 Kf8 30. Bf4 Qd8
31. Kh2 Rd4 32. Rc1 {'Black now decides to give up his queen for rook and
bishop, which soon leads to a lost position. In any case, after the
alternative moves White also has splendid prospects for a win.' Schwarz
entscheidet sich nun die Dame gegen Turm und Figur zu geben, was bald in einer
verlorenen Stellung mündet. Allerdings hat Weiß auch nach den Alternativzügen
prächtige Gewinnaussichten.} Rxf4 33. Rc8 Rxf2 34. Rxd8+ Nxd8 35. Qd5 Nf7 36.
b4 Kg7 37. a3 Rf6 38. Qa8 e5 39. Qxa7 Re6 40. Kg1 e4 41. Kf1 e3 42. Ke2 b5 43.
Qd7 Re5 44. a4 bxa4 45. Qxa4 Kf6 46. Qd7 Ng5 47. Qd8+ Kf5 48. Qd3+ Kf6 49. Qd8+
Kf5 50. Qf8+ Ke4 51. Qa8+ Kf4 52. Qf8+ Ke4 53. Qa8+ Kf4 54. b5 Ne4 55. b6 {
'Leko sees that he will get the e3-pawn with check.' Leko sieht, dass er den
Bauern e3 mit Schach bekommt.} ({There is an easy win after Leicht gewinnt} 55.
Qf8+ $1 Rf5 56. Qb8+ Re5 57. b6 $18) 55... Nc3+ 56. Ke1 Rb5 57. Qf3+ Ke5 58.
Qxe3+ Ne4 {'This position, however, is now not a simple one to win. ' Aber
diese Stellung ist nun dennoch nicht einfach zu gewinnen.} 59. Ke2 Rb1 60. Qa3
Nd6 61. Qc5+ Ke6 62. Qc6 Rb2+ 63. Kd3 Rb3+ 64. Kc2 Rb4 65. Kc1 Rb3 66. Qc5 h6
67. Qd4 g5 68. Qc5 Kd7 69. Kc2 Rb5 70. Qc7+ Ke6 71. Qc6 Rb4 72. Kc1 Rb3 73. Qc5
Kd7 74. g4 Ke6 75. Qc7 {'Perhaps the final mistake.' Vielleicht der letzte
Fehler.} (75. Qd4 Rb5 76. Qg7 {'with good prospects of getting both black
pawns in exchange for the b6-pawn.' mit guten Aussichten beide schwarzen
Bauern im Tausch gegen den Bb6 zu bekommen.}) 75... Kd5 $1 76. Qa7 Kc6 77. Qc7+
Kd5 78. Kc2 Rb5 79. Qh7 Rxb6 80. Qxh6 Rc6+ 81. Kd3 Nf7 82. Qh7 Rf6 83. Qg8 Kd6
84. Qe8 Rf3+ 85. Kd4 Rf4+ 86. Kc3 Rf3+ 87. Kb4 Rf6 88. Kb5 Kd5 89. Qa8+ Ke6 90.
Kc5 Ke7 91. Qa7+ Kf8 92. Qa3 Kg8 93. Kd5 Kg7 94. Qg3 Kg6 95. h4 gxh4 96. Qxh4
Kg7 97. Qg3 Kg6 98. Qh4 Kg7 99. Ke4 Kg6 100. Qh5+ Kg7 101. Ke3 Re6+ 102. Kf4
Rf6+ 103. Kg3 Rd6 104. Qf5 Rf6 105. Qc5 Rd6 106. Qc3+ Kg6 107. Kh4 Kh7 108. Qc7
Kg7 109. Qe7 Rh6+ 110. Kg3 Rf6 111. Qb4 Rd6 112. Qb2+ Kg6 113. Qb8 Kg7 114. Kf4
Rf6+ 115. Ke4 Re6+ 116. Kf4 Rf6+ 117. Kg3 Rd6 118. Qb5 Kg6 119. Qb7 Kg7 120.
Qe7 Rf6 121. Kg2 Rd6 {Shipov: "Black did not equalize in the anti-Gruenfeld.
The novelty of the American grandmaster – 12...Be6 – seems weaker than the
usual 12...Nc7. In the subsequent game the e6-bishop became a problem for
Black due to the Nf3-g5 threat. Looking for the solution, Gata opened the
center (14...f6), but Peter replied with strong counterattack. The spectacular
17.d5! underscored Black's weaknesses. White's attack was parried at a high
cost of damaging the pawn structure. Leko maintained the tension and created
un-pleasant threats. No wonder that at some point Kamsky decided to give up
material to complicate things. He could probably abstain from the queen
sacrifice 32...Rxf4 and continue resisting by 32...Qd7 (or 32...Qd5), and it
is hard to suggest anything concrete for White. The game proceeded to an
end-game, which was objectively lost for Black; however, it ended in a draw.
Peter wasted a lot of time before the control and made a few mistakes,
eventually missing a well-deserved victory. On the other hand, Gata deserved
this draw, because he fought bravely and never lost his spirit."} 1/2-1/2

[Event "Nalchik FIDE GP"]
[Site "Nalchik"]
[Date "2009.04.16"]
[Round "2"]
[White "Kamsky, Gata"]
[Black "Bacrot, Etienne"]
[Result "1/2-1/2"]
[WhiteElo "2720"]
[BlackElo "2728"]
[PlyCount "162"]
[EventDate "2009.04.15"]
[EventType "tourn"]
[EventRounds "13"]
[EventCountry "RUS"]
[EventCategory "19"]
[SourceTitle "CBM 130"]
[Source "ChessBase"]
[SourceDate "2009.05.20"]
[SourceVersion "1"]
[SourceVersionDate "2009.05.20"]
[SourceQuality "1"]

1. e4 e5 2. Nf3 Nc6 3. Bb5 a6 4. Ba4 Nf6 5. O-O Be7 6. Re1 b5 7. Bb3 O-O 8. c3
d5 9. exd5 Nxd5 10. Nxe5 Nxe5 11. Rxe5 c6 12. d4 Bd6 13. Re1 Qh4 14. g3 Qh3 15.
Qe2 Bd7 16. Qf1 Rae8 17. Rxe8 Qxf1+ 18. Kxf1 Rxe8 19. Bd2 Nb6 20. Be3 Nd5 21.
Bxd5 cxd5 22. Nd2 a5 23. Nb3 a4 24. Nc5 Bh3+ 25. Ke2 Ra8 26. Bf4 Be7 27. Kd2 g5
28. Bc7 Rc8 29. Bb6 Rc6 30. Re1 Bf8 31. Bd8 Bxc5 32. dxc5 Rxc5 33. Be7 Rc4 34.
Bxg5 d4 35. Bh6 f6 36. Re7 a3 37. Rg7+ Kh8 38. Rf7 Rc8 39. bxa3 dxc3+ 40. Kc1
Be6 41. Rxf6 Bxa2 42. Kc2 Kg8 43. Rf3 Bd5 44. Rxc3 Be4+ 45. Kd2 Rxc3 46. Kxc3
Kf7 47. Kd4 Bg2 48. Ke5 Kg6 49. Bd2 Bh3 50. Kf4 h5 51. f3 Be6 52. g4 hxg4 53.
fxg4 Bb3 54. h3 Bd1 55. Ke4 Be2 56. Ke3 Bd1 57. Ba5 Kg5 58. Bd8+ Kg6 59. Be7
Kf7 60. Bg5 Kg6 61. Bf4 Kf7 62. Bc7 Kf6 63. Bf4 Kf7 64. Kd4 Be2 65. Kc5 Bf1 66.
h4 Be2 67. Kc6 Ke6 68. h5 Kf7 69. g5 Bxh5 70. Kxb5 Ke6 71. Kc6 Be8+ 72. Kc5 Kd7
73. Bg3 Ke6 74. Bf4 Kd7 75. Bh2 Ke6 76. Bg3 Kf5 77. Bh4 Kg4 78. Kd6 Kxh4 79.
Ke7 Bg6 80. Kf6 Kh5 81. a4 Bc2 1/2-1/2

[Event "Nalchik FIDE GP"]
[Site "Nalchik"]
[Date "2009.04.18"]
[Round "4"]
[White "Kamsky, Gata"]
[Black "Svidler, Peter"]
[Result "1-0"]
[WhiteElo "2720"]
[BlackElo "2726"]
[Annotator "CB"]
[PlyCount "147"]
[EventDate "2009.04.15"]
[EventType "tourn"]
[EventRounds "13"]
[EventCountry "RUS"]
[EventCategory "19"]
[SourceTitle "CBM 130"]
[Source "ChessBase"]
[SourceDate "2009.05.20"]
[SourceVersion "1"]
[SourceVersionDate "2009.05.20"]
[SourceQuality "1"]

1. e4 e5 2. Nf3 Nc6 3. Bb5 a6 4. Ba4 Nf6 5. O-O Be7 6. Re1 b5 7. Bb3 d6 8. c3
O-O 9. d4 Bg4 10. d5 Na5 11. Bc2 Qc8 12. h3 Bd7 13. Nbd2 c6 14. dxc6 Qxc6 15.
Nf1 Nc4 16. Ng3 Rfe8 17. a4 h6 18. b3 Na5 19. Bd2 Qc7 20. axb5 axb5 21. Nh4 Nc6
22. Nhf5 Rxa1 23. Qxa1 Bf8 24. Bd3 Nd8 25. c4 Ne6 26. cxb5 Nc5 27. Bc4 Bxf5 28.
Nxf5 Ncxe4 29. Bb4 Qb6 30. Ne3 d5 31. Ba5 Qc5 32. b4 Qa7 33. b6 Qb7 34. Bb5 Re6
35. Rc1 Rxb6 36. Bxb6 Qxb6 37. Qa5 Qb8 38. Bd3 Qxb4 (38... Nxf2 $1 39. Kxf2 e4
40. Qc7 $1 Qxb4 41. Rb1 $1) 39. Qxb4 Bxb4 40. Rc8+ Bf8 41. Nxd5 Nxd5 42. Bxe4
Ne7 43. Rc5 f6 44. Bc2 g6 45. Kf1 h5 46. Rc7 f5 47. Ke2 Kf7 48. Rb7 Bh6 49.
Bb3+ Kf8 50. Kd3 h4 51. f3 Bf4 52. Kc4 e4 53. fxe4 fxe4 54. Kc3 Be5+ 55. Kd2
Bf4+ 56. Ke2 Nf5 57. Bd5 Ng3+ 58. Kd1 g5 59. Rb6 Ke7 60. Rb4 e3 61. Bf3 Kd6 62.
Rb5 Ke6 63. Ra5 Kf6 64. Bg4 Ne4 65. Ke2 Nd6 (65... Nf2 $1) 66. Kd3 Ke7 67. Kd4
Kf6 68. Kd5 Ke7 69. Ra7+ Kf6 70. Ra6 Ke7 71. Ra7+ Kf6 72. Bh5 Be5 73. Ra6 Kf5
74. Bg4+ 1-0

[Event "Nalchik FIDE GP"]
[Site "Nalchik"]
[Date "2009.04.22"]
[Round "7"]
[White "Karjakin, Sergey"]
[Black "Kamsky, Gata"]
[Result "1-0"]
[WhiteElo "2721"]
[BlackElo "2720"]
[PlyCount "63"]
[EventDate "2009.04.15"]
[EventType "tourn"]
[EventRounds "13"]
[EventCountry "RUS"]
[EventCategory "19"]
[SourceTitle "CBM 130"]
[Source "ChessBase"]
[SourceDate "2009.05.20"]
[SourceVersion "1"]
[SourceVersionDate "2009.05.20"]
[SourceQuality "1"]

1. e4 e6 2. d4 d5 3. Nc3 Bb4 4. e5 c5 5. a3 Bxc3+ 6. bxc3 Ne7 7. Qg4 cxd4 8.
Qxg7 Rg8 9. Qxh7 Qc7 10. Ne2 Nbc6 11. f4 dxc3 12. Qd3 d4 13. Ng3 Bd7 14. Be2
O-O-O 15. O-O Qb6 16. Ne4 Nd5 17. Nd6+ Kb8 18. Nxf7 Rdf8 19. Nd6 Nce7 20. Bf3
Bc6 21. a4 Nb4 22. a5 Qc5 23. Qh7 d3+ 24. Kh1 d2 25. Bxd2 cxd2 26. Qxe7 Rxf4
27. Rab1 Rgf8 28. c4 a6 29. h3 Ka8 30. Qg7 Qe3 31. Kh2 d1=Q 32. Rbxd1 1-0

[Event "Nalchik FIDE GP"]
[Site "Nalchik"]
[Date "2009.04.23"]
[Round "8"]
[White "Kamsky, Gata"]
[Black "Eljanov, Pavel"]
[Result "0-1"]
[WhiteElo "2720"]
[BlackElo "2693"]
[PlyCount "134"]
[EventDate "2009.04.15"]
[EventType "tourn"]
[EventRounds "13"]
[EventCountry "RUS"]
[EventCategory "19"]
[SourceTitle "CBM 130"]
[Source "ChessBase"]
[SourceDate "2009.05.20"]
[SourceVersion "1"]
[SourceVersionDate "2009.05.20"]
[SourceQuality "1"]

1. e4 e5 2. Nf3 Nc6 3. Bb5 a6 4. Ba4 Nf6 5. O-O Be7 6. Re1 b5 7. Bb3 d6 8. c3
O-O 9. d4 Bg4 10. d5 Na5 11. Bc2 c6 12. h3 Bc8 13. dxc6 Qc7 14. Nbd2 Qxc6 15.
Nf1 Nc4 16. Ng3 Re8 17. a4 Bb7 18. Qe2 Bf8 19. Bg5 Nd7 20. b3 Ncb6 21. a5 Nc8
22. c4 bxc4 23. Rec1 Na7 24. Be3 Qc8 25. bxc4 Nc5 26. Rcb1 Qc7 27. Nf5 Nc6 28.
Qd2 Rad8 29. Qc3 Ba8 30. Rb6 Rb8 31. Bxc5 dxc5 32. Ba4 Rxb6 33. axb6 Qxb6 34.
Nxe5 Nd4 35. Nxd4 Rxe5 36. Nf5 Rxe4 37. Bc2 Re8 38. Qg3 g6 39. Ne3 Bd6 40. Qh4
Be5 41. Rb1 Qd6 42. Ba4 Rb8 43. Rd1 Bd4 44. Qg4 h5 45. Qg5 Qe6 46. Nd5 Bxd5 47.
cxd5 Qe2 48. d6 Qxf2+ 49. Kh1 Qa2 50. d7 Qxa4 51. d8=Q+ Rxd8 52. Qxd8+ Kg7 53.
Rb1 Qa2 54. Qb6 a5 55. Qb3 Qxb3 56. Rxb3 c4 57. Ra3 c3 58. Ra4 c2 59. Rc4 a4
60. Rxc2 a3 61. Ra2 Bb2 62. Kg1 h4 63. Kf2 Kf6 64. Kf3 Kf5 65. Ke3 Ke5 66. Kf3
f5 67. Ke3 g5 0-1

[Event "Nalchik FIDE GP"]
[Site "Nalchik"]
[Date "2009.04.28"]
[Round "12"]
[White "Kamsky, Gata"]
[Black "Aronian, Levon"]
[Result "1/2-1/2"]
[WhiteElo "2720"]
[BlackElo "2754"]
[Annotator "Marin,M"]
[PlyCount "79"]
[EventDate "2009.04.15"]
[EventType "tourn"]
[EventRounds "13"]
[EventCountry "RUS"]
[EventCategory "19"]
[SourceTitle "CBM 130"]
[Source "ChessBase"]
[SourceDate "2009.05.20"]
[SourceVersion "1"]
[SourceVersionDate "2009.05.20"]
[SourceQuality "1"]

1. Nf3 d5 2. g3 Nf6 3. Bg2 c6 4. O-O Bf5 5. d3 e6 6. Nfd2 $5 {This is a rare
move, possibly inspired by the similar lines with reversed colours. In many KI
variations based on Bf4 (especially if White weakens his d4-square with c2-c4),
Black's best reaction is considered to be ...Nfd7 followed by ...e5. In our
concrete position, the idea is to carry out e2-e4 as soon as possible and
clear the path for the f-pawn, in order to launch a massive kingside attack.
The main drawback of this plan is that it leaves the queenside slightly
underdeveloped.} ({I will quote here a game which is relevant for a later
comment.} 6. Nbd2 Nbd7 7. Qe1 h6 8. e4 Bh7 9. Qe2 Be7 {Typical of Petrosian.
He was not afraid of losing time if this was connected with improving his
piece placement.} 10. e5 {It is hard to resist the temptation of playing this
move, but now the h7-bishop becomes more active and the f6-knight gets the
f5-square.} Ng8 11. Nb3 Bf8 {It may seem that White is far ahead in
development, but Black's position remains rock solid. In the game, White did
not find an effective plan to develop his initiative.} 12. c4 Ne7 13. Nbd4 Nf5
14. Nxf5 Bxf5 15. cxd5 cxd5 16. d4 a5 17. Be3 Be7 18. Rfc1 O-O 19. Qb5 a4 20.
Nd2 Ra7 21. Nb1 Nb8 22. a3 Nc6 {Benko,P-Petrosian,T/Curacao 1962/Candidates 
(0-1, 43). Black has regrouped in an optimal way and he soon got the upper
hand.}) 6... h6 7. e4 Bh7 8. Nc3 Nbd7 {By cutting off the other knight's
retreat, this move is likely to cause some problems in view of the permanent
threat e4-e5.} (8... Be7 {is more common, but hurrying with the king over to
the wing where White is planning to start an attack is not to everybody's
taste.} 9. Qe2 O-O ({Standard queenside pawn moves can have negative effects.
Here is an instructive example.} 9... a5 10. Kh1 a4 11. a3 b5 {For the time
being, the weakness of the c6-pawn does not seem too relevant, but...} 12. f4
Na6 13. Nf3 O-O 14. e5 Nd7 15. f5 $1 {This tactical blow is enabled precisely
because White gets a tempo by attacking the c6-pawn.} Bxf5 16. Nd4 Qc7 17. Nxf5
exf5 18. Rxf5 g6 19. Rf1 Qxe5 20. Bxh6 Qxe2 {Black exchanges queens, fearing
that otherwise his queen will remain exposed in the centre. However, this
exchange helps White improve the placement of his knight.} 21. Nxe2 Rfe8 22.
Nd4 Rac8 23. Bh3 f5 24. g4 $36 {Kengis,E (2580)-Haba,P (2505)/Germany 1995/
GER-chT2 (1-0, 31). White is perfectly regrouped and his light-squared bishop
has found a way to be activated, despite the central stonewall.}) 10. f4 Na6
11. Kh1 Rc8 {An interesting approach. Black keeps developing, without defining
his concrete intentions yet. The rook does not seem active on c8, but will
prove useful after a further ...d4 followed by ...c5-c4.} 12. g4 $6 {White
probably thought that Black's slow play deserved to be punished, but his last
move is premature because of the incomplete development.} (12. Nf3 {looks more
cautious.}) 12... Nb4 13. g5 {This is too rushed, too.} (13. Nb3 d4 14. Nd1 c5
$132) 13... hxg5 14. fxg5 Nxe4 $1 {A splendid move. Soon, all Black's pieces
will be playing, while White is underdeveloped still.} 15. Ndxe4 {White tries
to catch up in development by opening the diagonal for his c1-bishop.} (15.
dxe4 d4 16. Nd1 Nxc2 17. Rb1 d3 {[%cal Ge7g5] looks passive for White.}) 15...
dxe4 16. Nxe4 c5 17. Be3 Nd5 18. Bd2 b5 19. Rf2 c4 $36 {Markus,R (2557)
-Riazantsev,A (2638)/Plovdiv 2008/CBM 124 (0-1, 59)}) 9. Qe2 Nb6 {This looks
logical, because it clears the d7-square for the other knight. On the other
hand, the queen's knight will be passively placed on b6.} (9... Be7 {comes
into consideration, as in Petrosian's game.} 10. e5 Ng8 11. f4 Bf8 {The
c3-knight is restricted by the central black pawns while the queenside is
underdeveloped yet. These aspects make Black's loss of time irrelevant.} 12. g4
{This attack has little chance of success.} Ne7 13. Bh3 h5 $1 14. f5 (14. gxh5
Nf5) 14... hxg4 15. fxe6 fxe6 16. Bxg4 Nf5 {[%cal Ge8c8,Gd8b6]}) 10. a4 a5 {
It may seem that the insertion of these pawns moves favours Black, who gets
the b4-square for his bishop, but Kamsky anticipated correctly that the
vulnerability of the b6-knight will offer him an important tempo in certain
variations.} 11. f4 Bb4 12. f5 $5 {With the black king in the centre, this
attack is quite unpleasant.} Qe7 ({It is not advisable to castle into the
field of fire.} 12... O-O 13. e5 Nfd7 14. f6 $5 (14. g4 exf5 15. gxf5 Bc5+ 16.
Kh1 Re8 {[%csl Ge5,Gf5]}) 14... gxf6 15. exf6 (15. Nf3 fxe5 16. Bxh6 f6 $44)
15... Nxf6 16. Nf3 $44 {[%cal Gc1h6,Gf3e5]}) 13. Nb3 dxe4 (13... exf5 14. Qf2
$1 {This is a first moment when the b6-knight provokes a loss of time.} Ra6 15.
exd5 $16) 14. Nxe4 (14. dxe4 exf5 15. Be3 {[%cal Ge4f5] looks playable, too,
but it is understandable that White wants to exchange the f6-knight, which is
blocking the f5-pawn.}) 14... Bxf5 (14... Nxe4 15. dxe4 exf5 16. Be3 Nd7 17.
exf5 $14 {looks better for White than the same line with the c3- and
f6-knights on board. Among other things, the b4-bishop loses stability.}) 15.
Nxf6+ gxf6 (15... Qxf6 $2 16. g4 $18) 16. Rxf5 $1 {This is the only way to
keep the attack going. Black's structure is in ruins, but, curiously, White
will be short of just one tempo to get decisive threats. The delay in
development caused by Nf3-d2 will be telling...} exf5 17. Qf2 Nd7 {A very deep
move. The knight is heading for g6, in order to put the crucial f4-square
under pressure.} (17... Qe1+ $2 18. Qxe1+ Bxe1 19. Be3 $18) ({The knight would
be unstable after} 17... Nd5 18. c3 Bd6 19. Bd2 $44) 18. Bf4 {[%cal Gc2c3]
This looks very strong, but Black will find an original way to hold his own.
With hindsight, it is easy to suggest more restrained continuations.} (18. d4
$5 $44 Qe1+ $2 19. Qxe1+ Bxe1 20. c3 $18 {[%csl Ge1]}) (18. c3 Bd6 19. Bd2 $44)
18... Ne5 $1 19. d4 Ng6 20. c3 Nxf4 21. gxf4 {[%cal Ga1e1] Black will lose
material, but the weakness of the white castled setup will keep the position
balanced.} (21. Qxf4 {is ineffective because of} Bd6 22. Qxf5 Qe6) 21... O-O-O
22. cxb4 {White is best advised to grab the material. Otherwise, the exposed
position of his king may cause problems.} (22. d5 Bd6 (22... cxd5 23. cxb4 Qxb4
24. Nd4) 23. dxc6 bxc6 $132 {[%csl Gf4][%cal Gh8g8]}) (22. Re1 Qd6 23. d5 Rhg8
$36) 22... Qxb4 23. Qc2 Rhe8 $13 {Black is perfectly mobilized and has the
safer king's position. It would make little sense to offer as an evaluation
that he has compensation for the sacrificed material, because he actually has
a rook and 2 pawns for two minor pieces. Let us say that the white weaknesses
compensate for the tripled f-pawns.} 24. Kf2 Re7 25. Rd1 Rde8 26. Rd2 Qxa4 27.
Qxf5+ Kb8 28. Nc5 Qc4 29. Qc2 Qxc2 30. Rxc2 Rd8 31. Rd2 Kc7 32. Ne4 Red7 33.
Ke3 Re7 34. Kf2 Red7 35. Ke3 Re7 36. Kd3 Rd5 37. Nc3 Rd8 38. Ne4 Rd5 39. Nc3
Rd8 40. Ne4 1/2-1/2

[Event "Nalchik FIDE GP"]
[Site "Nalchik"]
[Date "2009.04.29"]
[Round "13"]
[White "Ivanchuk, Vassily"]
[Black "Kamsky, Gata"]
[Result "1/2-1/2"]
[WhiteElo "2746"]
[BlackElo "2720"]
[PlyCount "64"]
[EventDate "2009.04.15"]
[EventType "tourn"]
[EventRounds "13"]
[EventCountry "RUS"]
[EventCategory "19"]
[SourceTitle "CBM 130"]
[Source "ChessBase"]
[SourceDate "2009.05.20"]
[SourceVersion "1"]
[SourceVersionDate "2009.05.20"]
[SourceQuality "1"]

1. e4 e5 2. Nf3 Nc6 3. Bb5 a6 4. Ba4 Nf6 5. O-O Be7 6. Re1 b5 7. Bb3 d6 8. c3
O-O 9. h3 Nb8 10. d4 Nbd7 11. Nbd2 Bb7 12. a4 c5 13. Bc2 c4 14. b3 cxb3 15.
Bxb3 d5 16. Nxe5 Nxe5 17. dxe5 Nxe4 18. Nxe4 dxe4 19. axb5 axb5 20. Rxa8 Bxa8
21. Qg4 Kh8 22. Qh5 Bd5 23. Rd1 Bxb3 24. Rxd8 Rxd8 25. Bg5 Bxg5 26. Qxg5 Rd1+
27. Kh2 h6 28. Qe7 Bc4 29. Qb7 Re1 30. Qc8+ Kh7 31. Qf5+ Kg8 32. Qc8+ Kh7
1/2-1/2

[Event "USA-ch"]
[Site "Saint Louis"]
[Date "2009.05.17"]
[Round "9"]
[White "Ehlvest, Jaan"]
[Black "Kamsky, Gata"]
[Result "1/2-1/2"]
[WhiteElo "2606"]
[BlackElo "2720"]
[PlyCount "115"]
[EventDate "2009.05.08"]
[EventType "swiss"]
[EventRounds "9"]
[EventCountry "USA"]
[SourceTitle "CBM 130"]
[Source "ChessBase"]
[SourceDate "2009.05.20"]
[SourceVersion "1"]
[SourceVersionDate "2009.05.20"]
[SourceQuality "1"]

1. e4 e5 2. Nf3 Nc6 3. Bb5 Nf6 4. Nc3 Nd4 5. Nxd4 exd4 6. e5 dxc3 7. exf6 Qxf6
8. dxc3 c6 9. Bd3 Bc5 10. O-O d6 11. Re1+ Be6 12. Be3 Bxe3 13. Rxe3 O-O-O 14.
Qh5 h6 15. Rae1 Rde8 16. Qa5 Kb8 17. Qa3 Bd7 18. Qa4 Re5 19. f4 Rxe3 20. Rxe3
Re8 21. Rxe8+ Bxe8 22. Qd4 Qe7 23. Kf1 f6 24. Kf2 Bf7 25. a3 Bd5 26. g3 Bf7 27.
Bf5 Qd8 28. Bd3 Be6 29. Qe3 Qd7 30. Bg6 a6 31. Bd3 c5 32. Be4 g5 33. Ke1 Bf7
34. Bg2 Bg6 35. Kd2 Ka7 36. Qf3 Qe7 37. c4 Bf7 38. b3 Bg6 39. Qd5 gxf4 40. gxf4
Be8 41. Qd3 Qg7 42. Qg3 Qh7 43. Qd3 Qg6 44. Qxg6 Bxg6 45. c3 Kb6 46. b4 Be8 47.
Ke3 Kc7 48. Be4 b6 49. Bf3 Ba4 50. Be2 Kd7 51. Bd3 Bb3 52. Kf3 Ke6 53. Ke3 a5
54. Kf3 Bd1+ 55. Ke3 Bg4 56. Kf2 Ke7 57. Kf1 Be6 58. Kf2 1/2-1/2